000 00540nam a2200193 i 4500
001 23521
003 ES-MaACL
005 20250722131821.0
007 t|
008 021211s1972 sp ||||1| spa d
100 1 _aAmado, Jorge.
_921079
245 1 0 _aMies roja /
_cJorge Amado ; [versión de Basilio Losada].
250 _a[1ª ed].
260 _aBarcelona :
_bLuis de Caralt,
_c[1972]
300 _a349 p. ;
_c20 cm.
700 1 _aLosada, Basilio,
_d1930-
_974251
852 _aES-MaACL
_jC-48978
_bR.84845
999 _c23521
_d23521